Системы хранения информации; Ресурсоэффективным технологиям - энергию и энтузиазм молодых

Bibliografiske detaljer
Parent link:Ресурсоэффективным технологиям - энергию и энтузиазм молодых.— 2013.— [С. 131-134]
Hovedforfatter: Литвинов А. Ф. Александр Федорович
Institution som forfatter: Национальный исследовательский Томский политехнический университет (ТПУ) Институт кибернетики (ИК) Кафедра вычислительной техники (ВТ)
Andre forfattere: Цыганков Ю. В. Юрий Владимирович
Summary:Заглавие с титульного листа
Sprog:russisk
Udgivet: 2013
Serier:Интеллектуальные информационно-телекоммуникационные системы мониторинга и управления
Fag:
Online adgang:http://www.lib.tpu.ru/fulltext/c/2013/C08/055.pdf
Format: MixedMaterials Electronisk Book Chapter
KOHA link:https://koha.lib.tpu.ru/cgi-bin/koha/opac-detail.pl?biblionumber=241162

MARC

LEADER 00000naa2a2200000 4500
001 241162
005 20251215160203.0
035 |a (RuTPU)RU\TPU\book\262428 
035 |a RU\TPU\book\262374 
090 |a 241162 
100 |a 20130703d2013 k y0rusy50 ca 
101 0 |a rus 
102 |a RU 
135 |a drcn ---uucaa 
200 1 |a Системы хранения информации  |f А. Ф. Литвинов, Ю. В. Цыганков 
215 |a 1 файл(432 Кб) 
225 1 |a Интеллектуальные информационно-телекоммуникационные системы мониторинга и управления 
300 |a Заглавие с титульного листа 
320 |a [Библиогр.: с. 134 (4 назв.)] 
337 |a Adobe Reader 
463 1 |0 (RuTPU)RU\TPU\book\260564  |t Ресурсоэффективным технологиям - энергию и энтузиазм молодых  |o сборник докладов IV Университетской конференции студентов Элитного технического образования, г. Томск, 24 -27 апреля 2013 г.  |f Национальный исследовательский Томский политехнический университет (ТПУ)  |v [С. 131-134]  |d 2013 
610 1 |a труды учёных ТПУ 
610 1 |a электронный ресурс 
610 1 |a системы хранения 
610 1 |a информация 
700 1 |a Литвинов  |b А. Ф.  |g Александр Федорович 
701 1 |a Цыганков  |b Ю. В.  |c специалист в области информатики и вычислительной техники  |c ассистент Томского политехнического университета  |f 1975-  |g Юрий Владимирович  |3 (RuTPU)RU\TPU\pers\31071  |9 15301 
712 0 2 |a Национальный исследовательский Томский политехнический университет (ТПУ)  |b Институт кибернетики (ИК)  |b Кафедра вычислительной техники (ВТ)  |3 (RuTPU)RU\TPU\col\18699 
801 1 |a RU  |b 63413507  |c 20130205 
801 2 |a RU  |b 63413507  |c 20220329  |g RCR 
856 4 |u http://www.lib.tpu.ru/fulltext/c/2013/C08/055.pdf 
942 |c CF